00253nam a2200109Ia 4500100002200000654002600022245002700048260002800075082002000103300000800123546001200131 aBalagurusamy/ E.  aProgramming with Java aProgramming with Java bTata Mc Graw hillc1999 a005.133'J'bBAL a453 aENGLISH